| 000 | 00740nam a22002417a 4500 | ||
|---|---|---|---|
| 005 | 20170124110210.0 | ||
| 010 | _aB-024070 | ||
| 020 | _c00.00 | ||
| 035 | _aB-024070 | ||
| 037 | _bCen Lib/Ret | ||
| 040 |
_aDPL _bEN |
||
| 082 |
_a339 _bMCC |
||
| 100 |
_aMcConnell, Campbell R _938072 |
||
| 245 |
_aIntroduction to macroeconomics / _cby Campbell R McConnell [and] Harish C Gupta |
||
| 260 |
_aNew Delhi _bTata McGraw-Hill Publishing Company _c1984 |
||
| 270 |
_a7 West Patel Nagar _bNew Delhi _e110008 |
||
| 300 |
_axxii,584p. : _c24cm(Hb) _bill. |
||
| 500 | _aIncludes index | ||
| 650 |
_aEconomics _938073 |
||
| 650 |
_aMacroeconomics _938074 |
||
| 700 |
_aGupta, Harish C _938075 |
||
| 942 |
_2ddc _cEN _h339 _mMCC |
||
| 999 |
_c133487 _d133487 |
||